| 000 | 00000nam##2200000za#4500 |
| 001 | 9.679971 |
| 003 | CaOODSP |
| 005 | 20200330062714 |
| 007 | ta |
| 008 | 150407|1997||||xxc||||| f|0| 0 fre|d |
| 020 | |a0-662-81731-1 |
| 040 | |aCaOODSP|bfre |
| 043 | |an-cn--- |
| 086 | 1 |aSN3-316/1997F |
| 110 | 1 |aCanada.|bBibliothèque nationale du Canada. |
| 245 | 10|aLes fonds André Prévost : |brépertoire numérique / |cpar Stéphane Jean. |
| 260 | |aOttawa - Ontario : |bBibliothèque nationale du Canada |c1997. |
| 300 | |a157p. : |bill. ; |c28 cm. |
| 500 | |a«Le présent instrument de recherche fait partie de la catégorie des répertoires numérique puisqu'il décrit le fonds au niveau des dossiers. Les différents niveaux de description permettent ainsi aux chercheurs d'accéder à l'information en procédant du général au particulier.»--Introduction. Données de catalogage avant publication (Canada) imprimées dans cette publication. |
| 520 | 3 |aLe présent instrument de recherche fait partie de la catégorie des répertoires numérique puisqu'il décrit le fonds au niveau des dossiers. Les différents niveaux de description permettent ainsi aux chercheurs d'accéder à l'information en procédant du général au particulier.--Introduction |
| 563 | |aReliure à spirale |
| 590 | |a97-25|b1997-06-20 |
| 691 | 07|aMusique|2gcpds |
| 720 | 1 |aJean, Stéphane |
| 775 | 08|tThe André Prevost fonds : |w(CaOODSP)9.646431 |
| 776 | 0#|tLes fonds André Prévost : |w(CaOODSP)9.640066 |